| 000 | 00753nam a2200241 i 4500 | ||
|---|---|---|---|
| 001 | 186319 | ||
| 003 | SpMaBN | ||
| 005 | 20260511145843.0 | ||
| 008 | 161024s1968 ag |||| |bspa d | ||
| 080 | _a929 Tolstoi, Lev Nikolaievich | ||
| 100 |
_aTroyat, Henri, _d1911-2007 _9233580 |
||
| 245 | 1 | 0 |
_aTolstoi _b: el apóstol de la no violencia : biografía novelada / _cHenri Troyat. |
| 246 | 3 | 8 |
_aTolstoi. _n3 |
| 260 |
_aBuenos Aires : _bEmecé, _c[1968] |
||
| 300 |
_a393 p. ; _c19 cm. |
||
| 490 | 1 | _aGrandes novelistas | |
| 500 | _aÍndice. | ||
| 505 | 8 | _aContiene: v. 3 | |
| 600 | 1 | 4 |
_aTolstói, Lev, _d1828-1910 _9110489 |
| 830 | 0 |
_aGrandes novelistas _9181770 |
|
| 852 |
_aES-MaACL _jL-30677 _z. - Donat. Miguel A. Velasco |
||
| 999 |
_c186319 _d186319 |
||